| 000 | 00864nam a2200229 i 4500 | ||
|---|---|---|---|
| 001 | 186522 | ||
| 003 | SpMaBN | ||
| 005 | 20240209063125.0 | ||
| 008 | 161122s2002 sp |||| | spa d | ||
| 020 | _a84-451-2244-4 | ||
| 080 | _a821.134.2-23"19" | ||
| 100 | 1 |
_aFalcón, Lidia, _d1935- _948707 |
|
| 245 | 1 | 1 |
_a¡Vamos a por todas! _b: tragicomedia en dos partes y once cuadros / _cLidia Falcón O'Neill. |
| 250 | _a1ª ed. | ||
| 260 |
_a[Madrid] : _bAsociación de Autores de Teatro : _bConsejería de las Artes de la Comunidad de Madrid, _c[2002] |
||
| 300 |
_a102 p. ; _c22 cm. |
||
| 490 | 1 |
_aDamos la palabra. _aTextos ; _v23 |
|
| 710 | 2 |
_aAsociación de Autores de Teatro. _91565 |
|
| 830 | 0 |
_aDamos la palabra. _aTextos ; _v23 _9180281 |
|
| 852 |
_aES-MaACL _jL-30866 _z. - Dedicatoria autógrafa de la autora |
||
| 999 |
_c186522 _d186522 |
||